00346 a2200133 4500001000700000020001600007040001100023100001600034240007200050245006700122300000600189362000900195440000800204185045 a85-322-0697 cMagnum aRocha, Ruth10aAlvinho, o edifício City of Taubaté e o cachorro Wenceslaulpor10aAlvinho, o edifício City of Taubaté e o cachorro Wenceslau a 0 a1993 1aFTD